| 000 | 01603 a2200217 4500 | ||
|---|---|---|---|
| 001 | 24390 | ||
| 005 | 20260407155528.0 | ||
| 008 | 260407a1987 arg spa d | ||
| 003 | AR-UNSa-BCEJYS | ||
| 040 |
_aAR-UNSa-BCEJYS _bspa _cAR-UNSa-BCEJYS |
||
| 080 |
_a517.1 _xIntroducción al análisis. (Cálculo) |
||
| 245 | 1 | 0 |
_aEl cálculo _pcon geometría análitica |
| 250 | _a5a. ed | ||
| 264 | 1 |
_aMéxico : _bHarla _c1987 |
|
| 300 |
_a1608 p. _c22 cm. |
||
| 505 | _a0. Temas matemáticos previos al cálculo - Parte 1:Funciones de unasola variable: 1. Límites y continuidad - 2. La derivada y la diferenciación - 3. Valores extremos de funciones y técnicas de graficación - 4. Integral definida e integración - 5. Aplicaciones de la integral definida - 6. Funciones inversas, logarítmicas y exponenciales - 7. Funciones trigonométricas inversas y funciones hiperbólicas - 8. Técnicas de integración - 9. Formas indeterminadas, integrales impropias y fórmulas de Taylor - 10. Coordenadas plares y secciones cónicas - Parte 2: Series Infinitas: 11. Sucesions y series infinitas de térinos constantes - 12. Series de potencias - 13. Vectores en el plano y ecuaciones paramétricas - 14. Vectores y geometría analítica en el espacio - 15. Cálculo diferencial de funciones de más de una variable - 16. Derivadas direccionales, gradientes y aplicaciones de las derivadas parciales - 17. Integración múliple - 18. Aplicaciones del cálculo en capos vectoriales - 19. Apéndice. | ||
| 041 | _aspa | ||
| 942 | _cBK | ||
| 590 | _aniveau_biblio:m niveau_hierar:0 | ||
| 100 | 1 | _aLeithold, Louis | |
| 999 |
_c1181 _d1181 |
||